Online
Catalog

Medical rehabilitation / (Record no. 35754)

MARC details
000 -CABECERA
campo de control de longitud fija 00556nam a2200157 a 4500
001 - NÚMERO DE CONTROL
campo de control 000036263
005 - FECHA Y HORA DE LA ÚLTIMA TRANSACCIÓN
campo de control 20200930075633.0
008 - DATOS DE LONGITUD FIJA--INFORMACIÓN GENERAL
campo de control de longitud fija 120112s1985 xxua 000 0 eng d
040 ## - FUENTE DE LA CATALOGACIÓN
Centro catalogador/agencia de origen DO-SdBNP
Lengua de catalogación spa
Centro/agencia transcriptor BNPHU
245 00 - MENCIÓN DE TÍTULO
Título Medical rehabilitation /
Mención de responsabilidad, etc. editors Lauro S. Halstead, Martin Grabois ; consulting editor Carol A. Howland.
260 ## - PUBLICACIÓN, DISTRIBUCIÓN, ETC.
Lugar de publicación, distribución, etc. New York :
Nombre del editor, distribuidor, etc. Raven Press,
Fecha de publicación, distribución, etc. 1985.
650 24 - PUNTO DE ACCESO ADICIONAL DE MATERIA--TÉRMINO DE MATERIA
Término de materia o nombre geográfico como elemento de entrada Rehabilitación (medicina)
9 (RLIN) 62367
700 1# - PUNTO DE ACCESO ADICIONAL--NOMBRE DE PERSONA
Nombre de persona Halstead, Lauro S.,
Término indicativo de función/relación ed.
9 (RLIN) 62368
700 1# - PUNTO DE ACCESO ADICIONAL--NOMBRE DE PERSONA
Nombre de persona Grabois, Martin,
Término indicativo de función/relación ed.
9 (RLIN) 62369
700 1# - PUNTO DE ACCESO ADICIONAL--NOMBRE DE PERSONA
Nombre de persona Howland, Carol A.,
Término indicativo de función/relación ed.
9 (RLIN) 62370
Holdings
Estado de retiro Estado de pérdida Restricciones de uso No para préstamo Código de colección Localización permanente Ubicación/localización actual Ubicación en estantería Fecha de adquisición Número de inventario Total de préstamos Signatura topográfica completa Código de barras Fecha visto por última vez Precio válido a partir de Tipo de ítem Koha Número de copia
        Monografías: Libros y Folletos General General Orden iniciada 12.01.2012 LF1   36263-10 25.06.2020 25.06.2020 No se presta  
      Excluido de préstamo Monografías: Libros y Folletos General General En catalogación 12.01.2012 LF1   36263-20 25.06.2020 25.06.2020 No se presta e.2

Powered by Koha